[Event "Rostov"]
[Site "Rostov RUS"]
[Date "1980.??.??"]
[Round "?"]
[White "Kengis, Edvins"]
[Black "Sideif-Sade, Fikret I"]
[Result "1/2-1/2"]
[WhiteElo "2390"]
[BlackElo "2350"]
[PlyCount "68"]
[EventDate "1980.??.??"]
[Source "www.chesslib.no"]
[SourceDate "2004.05.04"]

1. e4 e5 2. Nf3 Nc6 3. Bb5 a6 4. Ba4 Nf6 5. O-O Nxe4 6. Re1 Nc5 7. Nc3 Nxa4 8. Nxe5 Be7 9. Nd5 O-O 10. Nxc6 dxc6 11. Nxe7+ Kh8 12. Qh5 Be6 13. Rxe6 fxe6 14. Ng6+ Kg8 15. Nxf8 Qxf8 16. b3 Qf6 17. Rb1 Nb6 18. Bb2 Qf5 19. Qxf5 exf5 20. Re1 Kf7 21. Be5 Re8 22. Kf1 Re7 23. c4 Nc8 24. f3 Rd7 25. Bc3 Ne7 26. Re5 g6 27. Ke2 Ng8 28. g3 Nf6 29. Re3 Ne8 30. Rd3 Rxd3 31. Kxd3 Ke6 32. Ke3 Nd6 33. h4 Nf7 34. Bg7 h5 1/2-1/2

[Event "3. IM"]
[Site "?"]
[Date "2003.02.05"]
[Round "8"]
[White "Boidman Yuri"]
[Black "Jedryczka Krystian"]
[Result "1/2-1/2"]
[WhiteElo "2400"]
[BlackElo "2340"]
[PlyCount "61"]
[EventDate "2003.??.??"]
[Source "www.chesslib.no"]
[SourceDate "2004.05.04"]

1. e4 e5 2. Nf3 Nc6 3. Bb5 a6 4. Ba4 Nf6 5. O-O Nxe4 6. Re1 Nc5 7. Nc3 Be7 8. Bxc6 dxc6 9. Nxe5 O-O 10. d4 Nd7 11. Qe2 Bd6 12. Bf4 Nxe5 13. dxe5 Bb4 14. Qc4 Bxc3 15. Qxc3 Bf5 16. Rad1 Qe7 17. Rd2 Rad8 18. Red1 Rxd2 19. Qxd2 Qc5 20. c3 Be6 21. b3 a5 22. h3 a4 23. bxa4 Qc4 24. a5 Qxa2 25. Qxa2 Bxa2 26. Rd7 Rc8 27. Bg5 Be6 28. Rd1 Ra8 29. Rb1 Rxa5 30. Rxb7 h6 31. Be3 1/2-1/2

[Event "Pardubice"]
[Site "?"]
[Date "2006.07.22"]
[Round "2"]
[White "Stehno Pavel"]
[Black "Mikhalevski Alexander"]
[Result "1/2-1/2"]
[WhiteElo "2297"]
[BlackElo "2437"]
[PlyCount "67"]
[EventDate "2006.??.??"]
[Source "www.chesslib.no"]
[SourceDate "2004.05.04"]

1. e4 e5 2. Nf3 Nc6 3. Bb5 a6 4. Ba4 Nf6 5. O-O Nxe4 6. Re1 Nc5 7. Bxc6 dxc6 8. d4 Ne6 9. dxe5 Qxd1 10. Rxd1 Nc5 11. h3 Bf5 12. Nd4 O-O-O 13. Nc3 Bg6 14. Bg5 Re8 15. Re1 Ne6 16. Nxe6 Rxe6 17. Rad1 Bc5 18. Re2 Rhe8 19. Red2 b5 20. Bf4 f6 21. exf6 Re1+ 22. Kh2 gxf6 23. a3 a5 24. Rxe1 Rxe1 25. Nd1 b4 26. axb4 axb4 27. Kg3 Be7 28. c3 b3 29. Ne3 Ra1 30. Kf3 Bc5 31. g4 Rh1 32. Kg2 Rb1 33. Nf5 Ra1 34. Be3 1/2-1/2

[Event "WYb18"]
[Site "Kemer TUR"]
[Date "2007.11.21"]
[Round "4"]
[White "Pena, Alf"]
[Black "Melkumyan, H."]
[Result "1/2-1/2"]
[WhiteElo "2249"]
[BlackElo "2469"]
[PlyCount "43"]
[EventDate "2007.11.18"]
[Source "www.chesslib.no"]
[SourceDate "2004.05.04"]

1. e4 e5 2. Nf3 Nc6 3. Bb5 a6 4. Ba4 Nf6 5. O-O Nxe4 6. Re1 Nc5 7. Bxc6 dxc6 8. d4 e4 9. Nbd2 Be7 10. Nxe4 Nxe4 11. Rxe4 O-O 12. Qe2 Bf6 13. Bf4 Bf5 14. Re3 Re8 15. Be5 Bxe5 16. Rxe5 Rxe5 17. dxe5 Qd5 18. c4 Qc5 19. Rd1 Re8 20. h3 f6 21. Re1 b5 22. cxb5 1/2-1/2

[Event "HUN-ch"]
[Site "Budapest"]
[Date "1980.??.??"]
[Round "?"]
[White "Rigo, Janos"]
[Black "Karsa, Laszlo"]
[Result "1/2-1/2"]
[WhiteElo "2375"]
[BlackElo "2340"]
[PlyCount "104"]
[EventDate "1980.12.??"]
[Source "ChessBase"]

1. e4 e5 2. Nf3 Nc6 3. Bb5 a6 4. Ba4 Nf6 5. O-O Nxe4 6. Re1 Nc5 7. Bxc6 dxc6 8. d4 Ne6 9. Nxe5 Be7 10. c3 O-O 11. f4 g6 12. f5 Ng7 13. fxg6 fxg6 14. Bh6 Bh4 15. Rf1 Rxf1+ 16. Qxf1 Nf5 17. Bf4 Bf6 18. Nd2 g5 19. Ne4 Be6 20. Ng4 Bxd4+ 21. cxd4 gxf4 22. Rd1 Ne3 23. Ngf6+ Kf8 24. Qxf4 Nxd1 25. Nd5+ Kg8 26. Ndf6+ Kf8 27. Nd5+ Kg8 28. Nef6+ Kg7 29. Qg5+ Kh8 30. Qh6 Bf5 31. Ne8 Qxe8 32. Qf6+ Kg8 33. Ne7+ Qxe7 34. Qxe7 Nxb2 35. Qg5+ Bg6 36. h4 Rf8 37. h5 Rf5 38. Qd8+ Rf8 39. Qh4 Nc4 40. hxg6 hxg6 41. Qg3 Kg7 42. Qxc7+ Rf7 43. Qd8 Ne3 44. Qg5 Nd5 45. Qe5+ Kh7 46. Kh2 Kg8 47. g4 Nf6 48. Kg3 Nd7 49. Qd6 Nf8 50. Kh4 Kg7 51. Qe5+ Kg8 52. a4 Rh7+ 1/2-1/2

[Event "URS-ch U26"]
[Site "Riga"]
[Date "1980.??.??"]
[Round "?"]
[White "Lanka, Zigurds"]
[Black "Gavrikov, Viktor"]
[Result "1/2-1/2"]
[WhiteElo "2340"]
[BlackElo "2365"]
[PlyCount "20"]
[EventDate "1980.??.??"]
[Source "ChessBase"]

1. e4 e5 2. Nf3 Nc6 3. Bb5 a6 4. Ba4 Nf6 5. O-O Nxe4 6. Re1 Nc5 7. Nc3 Be7 8. Nd5 O-O 9. Bxc6 dxc6 10. Nxe7+ Qxe7 1/2-1/2

[Event "SSKK"]
[Site "?"]
[Date "1997.04.15"]
[Round "?"]
[White "Huttunen Yrjoe (FIN)"]
[Black "Gunnarsson Magnus (ISL)"]
[Result "0-1"]
[WhiteElo "2325"]
[BlackElo "2375"]
[PlyCount "98"]
[EventDate "1997.??.??"]
[Source "www.chesslib.no"]
[SourceDate "2004.05.04"]

1. e4 e5 2. Nf3 Nc6 3. Bb5 a6 4. Ba4 Nf6 5. O-O Nxe4 6. Re1 Nc5 7. Bxc6 dxc6 8. Nxe5 Be7 9. d4 Ne6 10. c3 O-O 11. Be3 f6 12. Nd3 Re8 13. Nd2 Nf8 14. Qb3+ Kh8 15. Re2 Bf5 16. Ne1 Qd7 17. Nef3 Ng6 18. c4 Bf8 19. Ree1 Be6 20. Qc3 Qf7 21. a3 Rad8 22. Rac1 h6 23. b4 Bg4 24. h3 Bc8 25. Nf1 Bd6 26. Ng3 b5 27. Ne2 bxc4 28. Qxc4 Be6 29. Qxa6 Bd5 30. Kf1 Qd7 31. Neg1 Ra8 32. Qd3 Be4 33. Qb3 Qf5 34. Rc3 Qb5+ 35. Re2 Ne7 36. Nd2 Bh7 37. Nc4 Bg8 38. Nf3 Nd5 39. Rcc2 Nb6 40. Nfd2 f5 41. g3 Qd5 42. Kg1 f4 43. Ne5 Bxe5 44. Qxd5 Nxd5 45. Bxf4 Bxf4 46. Rxe8 Rxe8 47. gxf4 Re2 48. f5 Nf4 49. h4 Bd5 0-1

[Event "Budapest FS05 IM"]
[Site "Budapest"]
[Date "1996.??.??"]
[Round "8"]
[White "Tcebekov, Khongor"]
[Black "Sandor, Christian"]
[Result "0-1"]
[WhiteElo "2315"]
[BlackElo "2380"]
[PlyCount "58"]
[EventDate "1996.05.??"]
[Source "ChessBase"]

1. e4 e5 2. Nf3 Nc6 3. Bb5 a6 4. Ba4 Nf6 5. O-O Nxe4 6. Re1 Nc5 7. Bxc6 dxc6 8. Nxe5 Be7 9. d4 Ne6 10. Be3 O-O 11. c4 f6 12. Nf3 f5 13. Nc3 f4 14. Bd2 Ng5 15. Nxg5 Bxg5 16. Ne4 Bh6 17. Bb4 Re8 18. Qh5 Be6 19. b3 Bf7 20. Qg4 Bg6 21. Nc5 Qxd4 22. Rxe8+ Rxe8 23. Rd1 Qe5 24. Rf1 a5 25. Ba3 b6 26. Nd7 Qf5 27. f3 Qf7 28. Nf8 Bf5 29. Qh4 c5 0-1

[Event "It \"]
[Site "Brno (Czech Republic)"]
[Date "2007.07.04"]
[Round "6"]
[White "Savage Ben D (ENG)"]
[Black "Radovanovic Jovica (SCG)"]
[Result "0-1"]
[WhiteElo "2332"]
[BlackElo "2362"]
[PlyCount "60"]
[EventDate "2007.??.??"]
[Source "www.chesslib.no"]
[SourceDate "2004.05.04"]

1. e4 e5 2. Nf3 Nc6 3. Bb5 a6 4. Ba4 Nf6 5. O-O Nxe4 6. Re1 Nc5 7. Bxc6 dxc6 8. Rxe5+ Be7 9. h3 O-O 10. d4 Ne6 11. c3 c5 12. d5 c6 13. Qb3 cxd5 14. Qxd5 Bd6 15. Qb3 Bxe5 16. Nxe5 b5 17. Be3 c4 18. Qc2 Qd5 19. Nf3 Bb7 20. Nbd2 Rad8 21. Ne1 Rfe8 22. Ndf3 Bc6 23. Qe2 Qe4 24. Qf1 h6 25. Rc1 Nf4 26. Bxf4 Qxf4 27. Rc2 Rd1 28. Re2 Rxe2 29. Qxe2 Bxf3 30. gxf3 Qd2 0-1

[Event "Baden-ch"]
[Site "Leimen"]
[Date "2001.04.20"]
[Round "8"]
[White "Schneider, Bernd"]
[Black "Jaeschke, Benno"]
[Result "0-1"]
[WhiteElo "2427"]
[BlackElo "2235"]
[PlyCount "62"]
[EventDate "2001.04.13"]
[Source "ChessBase"]
[SourceDate "2001.07.03"]

1. e4 e5 2. Nf3 Nc6 3. Bb5 a6 4. Ba4 Nf6 5. O-O Nxe4 6. Re1 Nc5 7. Bxc6 dxc6 8. Nxe5 Ne6 9. d3 Be7 10. Nc3 O-O 11. Be3 c5 12. a4 Nd4 13. h3 f6 14. Nc4 b5 15. Bxd4 cxd4 16. Ne2 Rf7 17. c3 dxc3 18. bxc3 Bb7 19. Nf4 Qd7 20. Ne3 Bd6 21. Ne2 Re8 22. d4 f5 23. c4 f4 24. Nd5 Bxd5 25. cxd5 Bb4 26. Rf1 f3 27. Ng3 fxg2 28. Kxg2 Qxd5+ 29. f3 Bc3 30. Ra3 Bxd4 31. Qd3 Re3 0-1

[Event "La Roda ESP, Open 2005"]
[Site "?"]
[Date "2005.03.27"]
[Round "8"]
[White "Lorenzo Duran Marcos"]
[Black "Baron Rodriguez Jesus"]
[Result "0-1"]
[WhiteElo "2224"]
[BlackElo "2422"]
[PlyCount "76"]
[EventDate "2005.??.??"]
[Source "www.chesslib.no"]
[SourceDate "2004.05.04"]

1. e4 e5 2. Nf3 Nc6 3. Bb5 a6 4. Ba4 Nf6 5. O-O Nxe4 6. Re1 Nc5 7. Nc3 Be7 8. Nd5 e4 9. Bxc6 bxc6 10. Nxe7 Qxe7 11. d4 Nb7 12. Bg5 f6 13. Nd2 d5 14. Bf4 O-O 15. f3 f5 16. c4 Be6 17. Qa4 Qd7 18. Be5 Nd6 19. cxd5 Bxd5 20. fxe4 Nxe4 21. Nxe4 Bxe4 22. Rac1 Rfe8 23. Rc5 Re6 24. Re3 Rf8 25. Rg3 Rf7 26. Ra5 h6 27. Rxa6 f4 28. Rg4 g5 29. Ra8+ Re8 30. Rxe8+ Qxe8 31. h4 Bf5 32. hxg5 Bxg4 33. g6 Re7 34. Qc4+ Be6 35. Qd3 Bd5 36. Qf5 Re6 37. g7 Qf7 38. Qh3 f3 0-1

[Event "OL-NW9798"]
[Site "Germany"]
[Date "1997.??.??"]
[Round "?"]
[White "Joachim, Sven"]
[Black "Blecken, Volker"]
[Result "1-0"]
[WhiteElo "2420"]
[BlackElo "2225"]
[PlyCount "133"]
[EventDate "1997.10.??"]
[Source "www.chesslib.no"]
[SourceDate "2004.05.04"]

1. e4 e5 2. Nf3 Nc6 3. Bb5 a6 4. Ba4 Nf6 5. O-O b5 6. Bb3 Nxe4 7. d4 d5 8. dxe5 Be6 9. Nbd2 Nc5 10. c3 d4 11. Bxe6 Nxe6 12. cxd4 Ncxd4 13. a4 Be7 14. Nxd4 Nxd4 15. Ne4 O-O 16. axb5 Nxb5 17. Be3 Qxd1 18. Rfxd1 Rfd8 19. Rxd8+ Rxd8 20. Kf1 Ra8 21. Ke2 Kf8 22. Kd3 f6 23. exf6 gxf6 24. Nc5 Bxc5 25. Bxc5+ Kf7 26. Kc4 c6 27. Be3 Nd6+ 28. Kc5 Nf5 29. Bf4 Ne7 30. Bd6 Nf5 31. Bf4 Ne7 32. Bd6 Nf5 33. Bc7 Ne7 34. g3 Ke6 35. Rd1 Rc8 36. Rd6+ Kf7 37. Bb6 Rb8 38. b4 Rb7 39. Rd8 Nd5 40. Ba5 Rb5+ 41. Kc4 Nb6+ 42. Bxb6 Rxb6 43. Rd7+ Kg6 44. Ra7 h5 45. h3 Kh6 46. f4 Kg6 47. g4 hxg4 48. hxg4 Kh6 49. Rd7 Kg6 50. Rd2 Rb5 51. Ra2 Rb6 52. Ra5 Rb8 53. Rxa6 Rh8 54. g5 Rh4 55. gxf6 Rxf4+ 56. Kc5 Kxf6 57. Rxc6+ Ke7 58. b5 Kd7 59. Kb6 Rb4 60. Rc1 Rb2 61. Ka6 Kd6 62. b6 Ra2+ 63. Kb7 Rb2 64. Ka7 Kd7 65. b7 Ra2+ 66. Kb8 Rb2 67. Rd1+ 1-0

[Event "Netanya-B"]
[Site "Netanya"]
[Date "1973.??.??"]
[Round "4"]
[White "Ostojic, Predrag"]
[Black "Dudakov, Shaul"]
[Result "1-0"]
[WhiteElo "2440"]
[BlackElo "2200"]
[PlyCount "71"]
[EventDate "1973.??.??"]
[Source "ChessBase"]

1. e4 Nc6 2. Nf3 e5 3. Bb5 a6 4. Ba4 Nf6 5. O-O b5 6. Bb3 Nxe4 7. d4 d5 8. dxe5 Ne7 9. Ng5 Bf5 10. Nxe4 dxe4 11. Qe2 c5 12. Rd1 Qb8 13. c4 Nc6 14. Bf4 Nd4 15. Qe3 Be7 16. Nc3 Nxb3 17. axb3 bxc4 18. bxc4 O-O 19. Nd5 Qb7 20. Ra3 Bd8 21. Rb3 Qc6 22. Bg5 h6 23. Bxd8 Rfxd8 24. f3 Qe6 25. fxe4 Bg4 26. Re1 Qxe5 27. Qxc5 Kh7 28. Qf2 Rab8 29. Rxb8 Rxb8 30. b4 Be6 31. Qd2 Rc8 32. c5 a5 33. Ne7 Rc7 34. Qd6 Qc3 35. Rd1 Rd7 36. Nd5 1-0

[Event "Polish Extraleague"]
[Site "Lubniewice"]
[Date "2003.09.04"]
[Round "6"]
[White "Skrzypnik, Maciej"]
[Black "Toczek, Grzegorz"]
[Result "1/2-1/2"]
[WhiteElo "2307"]
[BlackElo "2325"]
[PlyCount "100"]
[EventDate "2003.08.30"]
[Source "Roberto Alvarez"]
[SourceDate "2003.09.15"]

1. e4 e5 2. Nf3 Nc6 3. Bb5 a6 4. Ba4 Nf6 5. O-O Nxe4 6. Re1 Nc5 7. Bxc6 dxc6 8. Nxe5 Be7 9. d4 Ne6 10. c3 O-O 11. a4 Bd6 12. Na3 Qf6 13. Nac4 Nf4 14. Qf3 Nd5 15. Qxf6 gxf6 16. Nxd6 cxd6 17. Nc4 Rd8 18. Bh6 Be6 19. Nd2 b5 20. a5 f5 21. Nf1 Re8 22. Ne3 Nc7 23. Nf1 f6 24. Re3 Kf7 25. Rg3 Rg8 26. Bf4 Ke7 27. Rxg8 Rxg8 28. f3 b4 29. cxb4 Nd5 30. Bd2 f4 31. Kf2 Rb8 32. Ra3 Bf5 33. Rb3 Kd7 34. g3 Bc2 35. Ra3 fxg3+ 36. hxg3 Nxb4 37. Ne3 Bg6 38. Ke2 Bf7 39. Kd1 h5 40. Bc3 Nd5 41. Nxd5 Bxd5 42. Ke2 Re8+ 43. Kf2 Bc4 44. Ra1 Re2+ 45. Kg1 Bd5 46. Re1 Rc2 47. Rf1 Bc4 48. Rf2 Rc1+ 49. Kg2 Ke6 50. g4 hxg4 1/2-1/2

[Event "Novi Sad Open"]
[Site "Novi Sad YUG"]
[Date "1988.??.??"]
[Round "4"]
[White "Delibasic, Gavrilo"]
[Black "Miranovic, Rajko"]
[Result "0-1"]
[WhiteElo "2300"]
[BlackElo "2330"]
[PlyCount "72"]
[EventDate "1988.06.??"]
[Source "www.chesslib.no"]
[SourceDate "2004.05.04"]

1. e4 e5 2. Nf3 Nc6 3. Bb5 a6 4. Ba4 Nf6 5. O-O Nxe4 6. Bxc6 dxc6 7. Nxe5 Be6 8. Re1 Nf6 9. b3 Qd4 10. c3 Qh4 11. d4 O-O-O 12. Nf3 Qh5 13. Re5 Bf5 14. Bg5 Qg6 15. Nh4 Qxg5 16. Nxf5 Qf4 17. Qe1 Ng4 18. Ne7+ Bxe7 19. Rxe7 Qxh2+ 20. Kf1 Qh1+ 21. Ke2 Qxg2 22. Kd2 Qxf2+ 23. Qxf2 Nxf2 24. Rxf7 Rdf8 25. Rxg7 h5 26. Na3 Rhg8 27. Rh7 Rg2 28. Rxh5 Nd1+ 29. Kd3 Rg3+ 30. Kc4 Nxc3 31. Kb4 b6 32. Nc4 Rf2 33. a4 a5+ 34. Nxa5 Nd5+ 35. Ka3 bxa5 36. Rc1 Kb7 0-1

[Event "Kalamaria Open"]
[Site "Thessaloniki GRE"]
[Date "2007.08.26"]
[Round "2"]
[White "Puobis, J."]
[Black "Graf, A."]
[Result "0-1"]
[WhiteElo "2034"]
[BlackElo "2595"]
[PlyCount "92"]
[EventDate "2007.08.25"]
[Source "www.chesslib.no"]
[SourceDate "2004.05.04"]

1. e4 e5 2. Nf3 Nc6 3. Bb5 a6 4. Ba4 Nf6 5. O-O Nxe4 6. Re1 Nc5 7. Bxc6 dxc6 8. Nxe5 Be7 9. d4 Ne6 10. c3 O-O 11. Nd2 c5 12. d5 Qxd5 13. Ndf3 Qxd1 14. Rxd1 f6 15. Nd3 g5 16. h3 b6 17. Nh2 Rd8 18. Be3 Bb7 19. f3 c4 20. Nb4 Kf7 21. Ng4 h5 22. Nf2 f5 23. Rxd8 Rxd8 24. Rd1 Bd6 25. Kf1 Re8 26. Nc2 Bc6 27. Re1 Ba4 28. Nd4 Nxd4 29. Bxd4 Bf4 30. Nd1 Rd8 31. Nf2 Re8 32. Nd1 Bxd1 33. Rxd1 Rd8 34. Re1 Rd5 35. Be3 Bg3 36. Bf2 Be5 37. Be3 Kf6 38. Bf2 Ra5 39. a3 Rb5 40. Re2 Bf4 41. Rc2 h4 42. Bd4+ Ke6 43. Ke2 Rd5 44. Kf1 Kd7 45. Re2 Kc6 46. Be3 Rd1+ 0-1

[Event "Zaragoza op 11th"]
[Site "Zaragoza"]
[Date "1999.??.??"]
[Round "2"]
[White "Arias Castanedo, Jacinto"]
[Black "Korneev, Oleg"]
[Result "0-1"]
[WhiteElo "2045"]
[BlackElo "2580"]
[PlyCount "76"]
[EventDate "1999.04.??"]
[Source "www.chesslib.no"]
[SourceDate "2004.05.04"]

1. e4 e5 2. Nf3 Nc6 3. Bb5 a6 4. Ba4 Nf6 5. O-O Nxe4 6. Re1 Nc5 7. Bxc6 dxc6 8. Nxe5 Be7 9. d4 Ne6 10. Be3 O-O 11. Nc3 f6 12. Nf3 Re8 13. d5 cxd5 14. Qxd5 Qxd5 15. Nxd5 Bd8 16. Nd4 Nxd4 17. Bxd4 Rxe1+ 18. Rxe1 Kf7 19. Bc5 Be6 20. Nf4 Bf5 21. c3 b6 22. Ba3 c5 23. b3 Ra7 24. Rd1 Rd7 25. Rxd7+ Bxd7 26. Bc1 Bf5 27. Kf1 g5 28. Ne2 Bc7 29. g3 Bb1 30. a3 Bc2 31. b4 Ke6 32. bxc5 bxc5 33. Ke1 Kd5 34. Be3 Kc4 35. Kd2 Be4 36. f4 g4 37. Nc1 Ba5 38. Ne2 Bf3 0-1

[Event "EU-chJM U16"]
[Site "Szombathely"]
[Date "1993.??.??"]
[Round "8"]
[White "Gillen, Adrian"]
[Black "Gyimesi, Zoltan"]
[Result "1/2-1/2"]
[WhiteElo "2230"]
[BlackElo "2395"]
[PlyCount "61"]
[EventDate "1993.??.??"]
[Source "www.chesslib.no"]
[SourceDate "2004.05.04"]

1. e4 e5 2. Nf3 Nc6 3. Bb5 a6 4. Ba4 Nf6 5. O-O Nxe4 6. Re1 Nc5 7. Bxc6 dxc6 8. Nxe5 Be6 9. Nc3 Bd6 10. d4 Nd7 11. Qf3 Qf6 12. Qxf6 Nxf6 13. Bg5 Nd5 14. Ne4 h6 15. Bd2 Bxe5 16. dxe5 b6 17. c4 Ne7 18. b3 c5 19. Bc3 O-O-O 20. Rad1 Nc6 21. f3 a5 22. Kf2 a4 23. Ke3 Rhe8 24. h3 Rxd1 25. Rxd1 axb3 26. axb3 Bf5 27. g4 Bh7 28. Rd5 Ne7 29. Rd2 Nc6 30. Rd5 Ne7 31. Rd2 1/2-1/2

[Event "Jyvaskyla Open"]
[Site "Jyvaskyla FIN"]
[Date "1994.??.??"]
[Round "3"]
[White "Vetemaa, Juri"]
[Black "Kiltti, Jyrki"]
[Result "1-0"]
[WhiteElo "2380"]
[BlackElo "2240"]
[PlyCount "95"]
[EventDate "1994.??.??"]
[Source "www.chesslib.no"]
[SourceDate "2004.05.04"]

1. e4 e5 2. Nf3 Nc6 3. Bb5 a6 4. Ba4 Nf6 5. d4 b5 6. Bb3 Nxe4 7. O-O d5 8. Nxe5 Nxe5 9. dxe5 Be6 10. c3 Be7 11. Nd2 Nc5 12. Bc2 g5 13. Nf3 g4 14. Nd4 Qd7 15. a4 bxa4 16. Nxe6 Qxe6 17. f4 gxf3 18. Qxf3 Nb3 19. Rxa4 Nxc1 20. Rxc1 Rg8 21. Kh1 Rg5 22. Rf4 Rxe5 23. Rf1 f6 24. Bxh7 c6 25. Bf5 Qd6 26. Qh5+ Kd8 27. Qh8+ Bf8 28. Bd3 Kc7 29. Rxf6 Be7 30. Qxa8 Bxf6 31. Bxa6 Qd8 32. Qb7+ Kd6 33. Qb4+ c5 34. Qf4 Bg5 35. Qg3 Bh4 36. Qg6+ Re6 37. Qg4 Bf6 38. Bd3 Be5 39. h3 Rf6 40. Bf5 Qd7 41. Qf3 Qa4 42. g4 Qb3 43. Rf2 Rh6 44. g5 Rh4 45. Bg4 Qb8 46. Qf7 c4 47. Rd2 Qa8 48. Qe6+ 1-0

[Event "First Saturday IM-B - Agosto 2007"]
[Site "Budapest UNG"]
[Date "2007.08.05"]
[Round "2"]
[White "Farago, Sandor"]
[Black "Magyar, Otto"]
[Result "1/2-1/2"]
[WhiteElo "2296"]
[BlackElo "2304"]
[PlyCount "21"]
[EventDate "2007.08.04"]
[Source "www.chesslib.no"]
[SourceDate "2004.05.04"]

1. e4 e5 2. Nf3 Nc6 3. Bb5 a6 4. Ba4 Nf6 5. O-O Nxe4 6. Re1 Nc5 7. Bxc6 dxc6 8. Nxe5 Be7 9. d4 Ne6 10. Nc3 O-O 11. d5 1/2-1/2

[Event "JUG Team Ch"]
[Site "Cetinje"]
[Date "1992.??.??"]
[Round "?"]
[White "Vuruna, Miodrag"]
[Black "Nikac, Predrag"]
[Result "0-1"]
[WhiteElo "2295"]
[BlackElo "2300"]
[PlyCount "74"]
[EventDate "1992.??.??"]
[Source "www.chesslib.no"]
[SourceDate "2004.05.04"]

1. e4 e5 2. Nf3 Nc6 3. Bb5 a6 4. Ba4 Nf6 5. O-O Nxe4 6. Re1 Nc5 7. Bxc6 dxc6 8. Nxe5 Be6 9. Nc3 Bd6 10. d4 Nd7 11. Bf4 O-O 12. Ne4 Re8 13. Nxd6 cxd6 14. Nf3 Nf8 15. Qd3 Qd7 16. h3 Bf5 17. Qb3 b5 18. c3 Be4 19. Nd2 Bd5 20. Qa3 c5 21. dxc5 dxc5 22. Nf1 Ng6 23. Bg3 Qc6 24. f3 h5 25. Rad1 h4 26. Bf2 Nf4 27. Bxh4 Bxf3 28. Rd2 Bxg2 29. Ne3 Bxh3 30. c4 b4 31. Qb3 Qg6+ 32. Kh2 Qh6 33. Bg3 Bg2+ 34. Kg1 Qh1+ 35. Kf2 Nh3+ 36. Ke2 Bf3+ 37. Kd3 Be4+ 0-1

[Event "Skopje ol (Men)"]
[Site "Skopje MKD"]
[Date "1972.??.??"]
[Round "6"]
[White "Sbia, Bachir"]
[Black "Sydor, Andrzej"]
[Result "0-1"]
[WhiteElo "2200"]
[BlackElo "2390"]
[PlyCount "100"]
[EventDate "1972.09.??"]
[Source "www.chesslib.no"]
[SourceDate "2004.05.04"]

1. e4 e5 2. Nf3 Nc6 3. Bb5 a6 4. Ba4 Nf6 5. O-O Nxe4 6. Re1 Nc5 7. Bxc6 dxc6 8. Nxe5 Be7 9. d4 Ne6 10. c3 O-O 11. Nd2 c5 12. dxc5 Nxc5 13. Nf1 Qxd1 14. Rxd1 f6 15. Nc4 Be6 16. Re1 Kf7 17. Na5 Nd3 18. Rd1 Nxc1 19. Raxc1 Rfd8 20. Rxd8 Rxd8 21. Nb3 b6 22. Re1 a5 23. Ng3 a4 24. Nd4 Bxa2 25. Rxe7+ Kxe7 26. Nc6+ Kd7 27. Nxd8 Kxd8 28. f3 g6 29. Kf2 Ke7 30. Ke3 Ke6 31. Ne2 c5 32. h4 Bc4 33. Ng3 Bd5 34. Ne2 b5 35. Nf4+ Kd6 36. Nd3 Bc4 37. Ne1 b4 38. cxb4 cxb4 39. Kd2 Kc5 40. Nc2 Bb3 41. Ne3 Kd4 42. Nf1 a3 43. bxa3 bxa3 44. Kc1 Bc4 45. Nd2 Bd3 46. Nb3+ Kc4 47. Na1 h5 48. g4 a2 49. gxh5 gxh5 50. f4 Bf5 0-1

[Event "ROM Ch Girls"]
[Site "Singeorz"]
[Date "1993.??.??"]
[Round "?"]
[White "Sofronie, Iulian"]
[Black "Musat, Adrian"]
[Result "0-1"]
[WhiteElo "2305"]
[BlackElo "2275"]
[PlyCount "82"]
[EventDate "1993.??.??"]
[Source "www.chesslib.no"]
[SourceDate "2004.05.04"]

1. e4 e5 2. Nf3 Nc6 3. Bb5 a6 4. Ba4 Nf6 5. O-O Nxe4 6. Re1 Nc5 7. Bxc6 dxc6 8. Nxe5 Be7 9. d4 Ne6 10. c3 O-O 11. Be3 Re8 12. f4 f6 13. Nd3 Nf8 14. Nd2 Be6 15. b3 Qd7 16. Qf3 a5 17. h3 b6 18. c4 Bf5 19. Nf2 Ne6 20. d5 cxd5 21. cxd5 Nc5 22. Nc4 a4 23. Rad1 axb3 24. axb3 Bc2 25. Rc1 Bg6 26. d6 Bxd6 27. Nxd6 cxd6 28. b4 Na4 29. Red1 Bf7 30. Bd4 d5 31. Ng4 Qd6 32. Qg3 Kh8 33. Ra1 Re4 34. Qb3 b5 35. g3 Rae8 36. Rac1 Rxd4 37. Rxd4 Qb6 38. Rc5 Nxc5 39. bxc5 Qxc5 40. Qb4 Qc1+ 41. Kg2 Re2+ 0-1

[Event "Budapest HUN"]
[Site "?"]
[Date "2001.04.19"]
[Round "3.1"]
[White "Kerek Krisztian"]
[Black "Sardy Peter"]
[Result "1-0"]
[WhiteElo "2360"]
[BlackElo "2220"]
[PlyCount "65"]
[EventDate "2001.??.??"]
[Source "www.chesslib.no"]
[SourceDate "2004.05.04"]

1. e4 e5 2. Nf3 Nc6 3. Bb5 a6 4. Ba4 Nf6 5. O-O Nxe4 6. Re1 Nc5 7. Bxc6 dxc6 8. Nxe5 Be7 9. d4 Ne6 10. Be3 O-O 11. Nc3 f6 12. Nd3 Re8 13. Ne2 b6 14. c3 Bd6 15. Ng3 Nf8 16. Qf3 Qd7 17. Bf4 Bb7 18. Nh5 Qf7 19. b3 Ne6 20. Bxd6 cxd6 21. Ndf4 Ng5 22. Qd3 d5 23. f3 g6 24. Ng3 Kg7 25. Kf2 Qc7 26. Qd2 Qd6 27. h4 Nf7 28. h5 Rad8 29. hxg6 hxg6 30. Nxg6 Kxg6 31. Qd3+ f5 32. Nxf5 Qd7 33. Ne7+ 1-0

[Event "Unterkochen op"]
[Site "?"]
[Date "2003.09.01"]
[Round "3"]
[White "Kabisch Thilo"]
[Black "Latzke Boris Alexander"]
[Result "0-1"]
[WhiteElo "2323"]
[BlackElo "2243"]
[PlyCount "80"]
[EventDate "2003.??.??"]
[Source "www.chesslib.no"]
[SourceDate "2004.05.04"]

1. e4 e5 2. Nf3 Nc6 3. Bb5 a6 4. Ba4 Nf6 5. O-O Nxe4 6. Re1 Nc5 7. Bxc6 dxc6 8. d4 Ne6 9. dxe5 Qxd1 10. Rxd1 Be7 11. Nbd2 Bd7 12. Nb3 O-O-O 13. Be3 b6 14. Nfd4 Nxd4 15. Bxd4 Bg5 16. Re1 Bf5 17. Bc3 c5 18. Re2 Rd5 19. f4 Be7 20. Kh1 Rhd8 21. Rc1 Rd1+ 22. Re1 Rxc1 23. Rxc1 Bxc2 24. g4 Be4+ 25. Kg1 c4 26. Nd2 Bc5+ 27. Kf1 Be3 28. Re1 Bd3+ 29. Kg2 Bxf4 30. Nf3 h5 31. g5 Bf5 32. h4 Rd3 33. e6 Bxe6 34. Bxg7 Bd5 35. Rf1 Kd7 36. a3 Ke6 37. Bh6 Kf5 38. b4 Kg4 39. g6 Bxh6 40. gxf7 Rxf3 0-1

[Event "Oberliga Nord N 9192"]
[Site "GER"]
[Date "1992.??.??"]
[Round "?"]
[White "Mordhorst, Henning"]
[Black "Hegeler, Frank"]
[Result "1-0"]
[WhiteElo "2310"]
[BlackElo "2245"]
[PlyCount "103"]
[EventDate "1991.10.??"]
[Source "www.chesslib.no"]
[SourceDate "2004.05.04"]

1. e4 e5 2. Nf3 Nc6 3. Bb5 a6 4. Ba4 Nf6 5. O-O Nxe4 6. Re1 Nc5 7. Bxc6 dxc6 8. Qe2 e4 9. Nc3 Qe7 10. Nxe4 Nxe4 11. Qxe4 Qxe4 12. Rxe4+ Be7 13. b3 Kd8 14. Rd4+ Bd6 15. Ba3 Ke7 16. Re1+ Be6 17. Bxd6+ cxd6 18. Rb4 b5 19. Ng5 Kd7 20. Rf4 Raf8 21. h4 h6 22. Ne4 f5 23. Nc3 g5 24. Rd4 Re8 25. Rd3 Bf7 26. Rxe8 Rxe8 27. Kf1 f4 28. hxg5 hxg5 29. Rh3 Bg6 30. d3 b4 31. Ne2 Re5 32. Rh6 Re6 33. Rh8 c5 34. Ra8 d5 35. Ra7+ Kd8 36. Rg7 c4 37. Nd4 Rd6 38. Ke2 cxd3+ 39. cxd3 Kc8 40. Kd2 Kb8 41. Rg8+ Kb7 42. Nf3 Be4 43. Rxg5 Bxf3 44. gxf3 Rh6 45. Rxd5 Rh1 46. Rc5 Rb1 47. Rc2 a5 48. d4 a4 49. bxa4 b3 50. axb3 Rxb3 51. Rc3 Rb4 52. Kd3 1-0

[Event "20th Belgrade Trophy"]
[Site "Belgrade SRB"]
[Date "2007.11.22"]
[Round "1"]
[White "Baratosi, D."]
[Black "Ljubas, A."]
[Result "1-0"]
[WhiteElo "2448"]
[BlackElo "2099"]
[PlyCount "55"]
[EventDate "2007.11.22"]
[Source "www.chesslib.no"]
[SourceDate "2004.05.04"]

1. e4 e5 2. Nf3 Nc6 3. Bb5 a6 4. Ba4 Nf6 5. d4 b5 6. Bb3 Nxe4 7. O-O d5 8. dxe5 Be6 9. Nbd2 Nc5 10. c3 Nxb3 11. Nxb3 Be7 12. h3 O-O 13. Re1 Re8 14. Be3 Nb8 15. Nfd4 Bc8 16. Qf3 Bf8 17. Qg3 c5 18. Nf3 Qc7 19. Rad1 Be6 20. Nh4 a5 21. f4 a4 22. Nd2 Be7 23. Ndf3 f5 24. Ng5 Na6 25. Nxh7 Kxh7 26. Qg6+ Kh8 27. Nxf5 Bf8 28. Nh6 1-0